Normal view
MARC view
Entry Uniform Title
001 - CONTROL NUMBER
- control field: 13566
003 - CONTROL NUMBER IDENTIFIER
- control field: ARRUPE
005 - DATE AND TIME OF LATEST TRANSACTION
- control field: 20150108111123.0
008 - FIXED-LENGTH DATA ELEMENTS
- fixed length control field: 150108|| aca||aabn | a|a d
040 ## - CATALOGING SOURCE
- Original cataloging agency: ARRUPE
- Transcribing agency: ARRUPE
130 ## - HEADING--UNIFORM TITLE
- Uniform title: Ecumenical Symposium of Eastern Africa Theologians (ESEAT)
670 ## - SOURCE DATA FOUND
- Source citation: Work cat.: (ARRUPE)0: African theology comes of age :, c2010.